[Event "34th Chess Olympiad (men)"]
[Site "Istanbul"]
[Date "2000.10.28"]
[Round "1.1.2"]
[White "Onkoud, Abdelaziz"]
[Black "Rublevsky, Sergei"]
[WhiteElo "2309"]
[BlackElo "2670"]
[WhiteCountry "MAR"]
[BlackCountry "RUS"]
[Result "0-1"]

1. d4 d5 2. Nf3 Nf6 3. c4 c6 4. cd5 cd5 5. Nc3 Nc6 6. Bf4 Bf5 7. e3 e6 
8. Ne5 Ne5 9. Be5 Nd7 10. Bg3 a6 11. Bd3 Bd3 12. Qd3 Be7 13. O-O O-O 
14. Rac1 Qa5 15. e4 Nf6 16. Be5 de4 17. Ne4 Nd5 18. a3 Rfd8 19. Qg3 Bf8 
20. Rc5 Qb6 21. b4 a5 22. b5 h6 23. a4 Kh8 24. Nd2 f6 25. Nc4 Qa7 26. Bd6 Bd6 
27. Nd6 b6 28. Rc4 Qd7 29. Rc6 Rab8 30. Rfc1 Kh7 31. h4 Ne7 
0-1

[Event "34th Chess Olympiad (men)"]
[Site "Istanbul"]
[Date "2000.10.28"]
[Round "1.2.1"]
[White "Adhami, Vangiel"]
[Black "Adams, Michael"]
[WhiteElo "2310"]
[BlackElo "2755"]
[WhiteCountry "ALB"]
[BlackCountry "ENG"]
[Result "0-1"]

1. e4 e5 2. Nf3 Nc6 3. Bb5 a6 4. Ba4 Nf6 5. O-O b5 6. Bb3 Bc5 7. c3 d6 
8. d3 O-O 9. h3 Bb7 10. Re1 Bb6 11. Nbd2 Na5 12. Bc2 c5 13. Nf1 h6 14. Ng3 Re8 
15. Nh2 Bc8 16. Qf3 c4 17. dc4 Nc4 18. b3 Na5 19. Ba3 Nb7 20. Rad1 a5 
21. Bb1 Bc5 22. Bc5 Nc5 23. Rd2 Ra6 24. Nhf1 Rc6 25. Ne3 g6 26. Red1 Kg7 
27. Qe2 Qb6 28. c4 b4 29. Kh2 Be6 30. f3 a4 31. Bc2 ab3 32. ab3 Ra8 33. Qf2 Ra3 
34. Nd5 Bd5 35. ed5 Rc8 36. f4 Ncd7 37. Qb6 Nb6 38. fe5 de5 39. Ne2 Nfd7 
40. g4 Nc5 41. Nc1 e4 42. Rf2 Nbd7 43. Rf4 Re8 44. Kg2 Ne5 45. Kf1 Ra1 
46. Ke2 Ned3 47. Rf3 Ra3 
0-1

[Event "34th Chess Olympiad (men)"]
[Site "Istanbul"]
[Date "2000.10.28"]
[Round "1.3.4"]
[White "Abdullah, Mansour"]
[Black "Ruck, Robert"]
[WhiteElo "2290"]
[BlackElo "2489"]
[WhiteCountry "UAE"]
[BlackCountry "HUN"]
[Result "0-1"]

1. e4 c5 2. Nf3 d6 3. d4 cxd4 4. Qxd4 a6 5. c4 Nc6 6. Qd2 g6 7. Nc3 Bh6 
8. Qd3 Bg7 9. h3 Nf6 10. Be2 Nd7 11. Be3 O-O 12. Qd2 Qa5 13. Bh6 Bxc3 
14. bxc3 Re8 15. Nd4 Nf6 16. f3 Ne5 17. Bg5 Qc7 18. h4 Nxc4 19. Bxc4 Qxc4 
20. h5 Nd7 21. hxg6 fxg6 22. Nc2 Qf7 23. Ne3 Nf6 24. Qd4 Be6 25. Rh4 Rac8 
26. Rf4 Kg7 27. Rh4 Rc5 28. f4 Rec8 29. Rc1 Kg8 30. Kd2 Ra5 31. Rc2 Bxa2 
32. c4 Bb1 33. Bxf6 Qxf6 34. Qxf6 exf6 
0-1

[Event "34th Chess Olympiad (men)"]
[Site "Istanbul"]
[Date "2000.10.28"]
[Round "1.4.1"]
[White "Dive, Russell John"]
[Black "Xu, Jun"]
[WhiteElo "2414"]
[BlackElo "2668"]
[WhiteCountry "NZL"]
[BlackCountry "CHN"]
[Result "1/2-1/2"]

1. d4 Nf6 2. c4 e6 3. Nc3 Bb4 4. Qc2 O-O 5. a3 Bc3+ 6. Qc3 b6 7. Bg5 Bb7 
8. f3 h6 9. Bh4 d5 10. e3 Nbd7 11. cd5 Nd5 12. Bd8 Nc3 13. Bh4 Nd5 14. Bf2 c5 
15. e4 Ne7 16. Ne2 Rac8 17. Nc3 cd4 18. Bd4 Rfd8 19. Be2 Ng6 20. Kf2 Nf4 
21. Rac1 Nc5 22. Bc5 Rc5 23. Rcd1 Rd1 24. Rd1 Ne2 25. Ke2 Rc7 26. Rd8+ Kh7 
27. Ke3 Bc6 28. Kd4 f6 29. e5 Kg6 30. ef6 gf6 31. Rg8+ Kf7 32. Rh8 Kg7 
33. Rd8 h5 34. Ke3 Kg6 35. Rg8+ Kh7 36. Rf8 Kg7 37. Rd8 Kg6 38. Rg8+ Rg7 
39. Rg7+ Kg7 40. h4 f5 41. g3 e5 42. f4 e4 43. Kd4 Kf6 44. Nd1 Ke6 45. Ne3 Bd7 
46. Nd5 Bc6 47. Ne3 Bd7 48. Nd5 Bc6 49. Ne3 Bd7 
1/2-1/2

[Event "34th Chess Olympiad (men)"]
[Site "Istanbul"]
[Date "2000.10.28"]
[Round "1.6.3"]
[White "Gallego Martinez, Ruben"]
[Black "Eingorn, Vereslav S"]
[WhiteElo "2313"]
[BlackElo "2586"]
[WhiteCountry "AND"]
[BlackCountry "UKR"]
[Result "0-1"]

1. e4 g6 2. Nc3 Bg7 3. f4 c6 4. d4 d5 5. e5 f6 6. Be3 Nh6 7. Qe2 O-O 
8. O-O-O fe5 9. fe5 Ng4 10. h3 Ne3 11. Qe3 Rf7 12. Nf3 Qf8 13. Kb1 Bh6 
14. Qe1 Be6 15. Na4 Nd7 16. Qb4 Qb8 17. c4 Qc7 18. Nc3 Nb6 19. cd5 Nd5 
20. Nd5 cd5 21. Bd3 Rc8 22. Qe1 Bf5 23. Bf5 Rf5 24. Qe2 e6 25. a3 Rf7 
26. Rd3 Qc4 27. Rhd1 Rfc7 28. Qf2 Qb5 29. h4 Rc1+ 30. Rc1 Rc1+ 31. Ka2 Qd3 
0-1

[Event "34th Chess Olympiad (men)"]
[Site "Istanbul"]
[Date "2000.10.28"]
[Round "1.8.2"]
[White "Kolev, Atanas"]
[Black "Echavarria, Johann"]
[WhiteElo "2582"]
[BlackElo "2328"]
[WhiteCountry "BUL"]
[BlackCountry "COL"]
[Result "1-0"]

1. e4 c5 2. Nf3 Nc6 3. d4 cd4 4. Nd4 Nf6 5. Nc3 e6 6. Ndb5 d6 7. Bf4 e5 
8. Bg5 a6 9. Na3 b5 10. Bf6 gf6 11. Nd5 f5 12. Bd3 Be6 13. O-O Bd5 14. ed5 Ne7 
15. c3 Bg7 16. Qh5 e4 17. Bc2 Qc8 18. Rae1 O-O 19. Kh1 Re8 20. f3 b4 
21. cb4 Bb2 22. fe4 Ba3 23. Ba4 f4 24. Rf4 Bb2 25. Rh4 Bg7 26. Qh7+ Kf8 
27. Rf1 Ng8 28. Be8 Qe8 29. Qg6 Be5 30. Rh7 Ra7 31. a4 Rc7 32. g3 Qe7 
33. b5 ab5 34. ab5 Bf6 35. Qf5 Qe5 36. Qe5 Be5 37. b6 Rb7 38. Rff7+ Rf7 
39. Rf7+ Kf7 40. b7 Nf6 41. b8Q Ne4 42. Qc8 
1-0

[Event "34th Chess Olympiad (men)"]
[Site "Istanbul"]
[Date "2000.10.28"]
[Round "1.8.4"]
[White "Stefanova, Antoaneta (im)"]
[Black "Uribe, Mauricio"]
[WhiteElo "2514"]
[BlackElo "2293"]
[WhiteCountry "BUL"]
[BlackCountry "COL"]
[Result "1-0"]

1. d4 Nf6 2. Bg5 g6 3. Bf6 ef6 4. c4 Bg7 5. Nc3 O-O 6. e3 d6 7. g3 c6 
8. Bg2 Qb6 9. Qd2 Re8 10. Nge2 Bg4 11. Nc1 f5 12. O-O Nd7 13. Nd3 g5 
14. b4 Rad8 15. b5 f4 16. gf4 gf4 17. Nf4 Ne5 18. de5 de5 19. Nd3 e4 
20. Ne4 Ba1 21. Ra1 cb5 22. Qc3 Re6 23. Nf4 b4 24. Qb2 Rh6 25. Nd5 Rd5 
26. cd5 Qg6 27. Qe5 Bf3 28. Ng3 Bg2 29. Kg2 Qg4 30. Qf5 Qh4 
1-0

[Event "34th Chess Olympiad (men)"]
[Site "Istanbul"]
[Date "2000.10.28"]
[Round "1.9.1"]
[White "Piket, Jeroen"]
[Black "Rohl, Juan"]
[WhiteElo "2649"]
[BlackElo "2350"]
[WhiteCountry "NED"]
[BlackCountry "VEN"]
[Result "1-0"]

1. d4 Nf6 2. c4 g6 3. Nc3 Bg7 4. e4 d6 5. Nf3 O-O 6. h3 e5 7. d5 Nh5 8. Nh2 Qe8 
9. Be2 f5 10. ef5 Nf4 11. Bf4 ef4 12. fg6 Qg6 13. Kf1 Na6 14. Rc1 Bf5 
15. Nf3 Qh6 16. Kg1 Rae8 17. Bd3 Bd3 18. Qd3 Nc5 19. Qc2 Bc3 20. Qc3 Qg6 
21. b4 Nd3 22. Rd1 Ne5 23. Kh2 Nf3+ 24. Qf3 Re4 25. Rhe1 Rfe8 26. Re4 Qe4 
27. Qg4+ Kh8 28. Qh4 Qe5 29. f3 b6 30. Rd3 h5 31. Rd4 Qd4 32. Qh5+ Kg7 
33. Qe8 Qc4 34. Qe7+ Kh6 35. Qe4 Qc1 36. h4 a5 37. ba5 ba5 38. a4 Qd2 
39. Kh3 Kg7 40. h5 Qc1 41. Kg4 Qb2 42. Qe7+ Kh6 43. Qf8+ Kh7 44. Qf7+ Kh8 
45. Kg5 
1-0

[Event "34th Chess Olympiad (men)"]
[Site "Istanbul"]
[Date "2000.10.28"]
[Round "1.9.2"]
[White "Alvarez, Johan"]
[Black "Tiviakov, Sergei"]
[WhiteElo "2317"]
[BlackElo "2608"]
[WhiteCountry "VEN"]
[BlackCountry "NED"]
[Result "0-1"]

1. d4 Nf6 2. c4 e6 3. Nc3 Bb4 4. e3 O-O 5. Bd3 d5 6. Nge2 dc4 7. Bc4 e5 
8. a3 Bd6 9. de5 Be5 10. Qd8 Rd8 11. O-O Nc6 12. e4 Nd4 13. Ng3 Nc2 14. Ra2 c6 
15. Nce2 b5 16. Bb3 Nd4 17. Nd4 Rd4 18. a4 Ba6 19. Rd1 Ng4 20. Nh5 b4 21. a5 h6 
22. Ra4 c5 23. h3 Nf6 24. Bc2 Bb5 25. Ra1 c4 26. Ba4 Ba6 27. Rb1 Bb7 
28. Bd2 Be4 29. Rbc1 Bd3 
0-1

[Event "34th Chess Olympiad (men)"]
[Site "Istanbul"]
[Date "2000.10.28"]
[Round "1.9.3"]
[White "Van, Der Sterren Paul"]
[Black "Sequera, Jose"]
[WhiteElo "2569"]
[BlackElo "2357"]
[WhiteCountry "NED"]
[BlackCountry "VEN"]
[Result "1-0"]

1. Nf3 d5 2. d4 Bf5 3. c4 e6 4. Nc3 c6 5. Qb3 Qb6 6. c5 Qb3 7. ab3 Nd7 
8. b4 Ngf6 9. Bf4 Nh5 10. Be3 Be7 11. b5 O-O 12. h3 Nhf6 13. Bf4 Ne4 14. e3 f6 
15. Nh4 g5 16. Nf5 ef5 17. Bh2 a6 18. bc6 bc6 19. Nd1 f4 20. ef4 Rfe8 
21. f3 Bc5 22. fe4 Re4+ 23. Kd2 Rd4+ 24. Kc2 gf4 25. Ra6 Ra6 26. Ba6 Ra4 
27. Be2 Ne5 28. Rf1 Ng6 29. Bd3 Bd6 30. Nc3 Rb4 31. b3 Be5 32. Na2 Rb7 
33. Bg6 hg6 34. Bf4 
1-0

[Event "34th Chess Olympiad (men)"]
[Site "Istanbul"]
[Date "2000.10.28"]
[Round "1.10.2"]
[White "Kacheishvili, Giorgi"]
[Black "Berlinsky, Vladimir"]
[WhiteElo "2564"]
[BlackElo "2352"]
[WhiteCountry "GEO"]
[BlackCountry "IBSA"]
[Result "1-0"]

1. Nf3 Nf6 2. g3 g6 3. Bg2 Bg7 4. 0-0 O-O 5. c4 d6 6. d4 Nbd7 7. Nc3 e5 
8. h3 Re8 9. e4 ed4 10. Nd4 a6 11. Re1 Rb8 12. Rb1 Ne5 13. b3 c5 14. Nc2 b5 
15. f4 Ned7 16. Qd6 bc4 17. e5 cb3 18. Rb3 Rb3 19. ab3 Re6 20. Qd3 Ne8 
21. Ne3 Rb6 22. Ne4 Rb8 23. Nc4 Qe7 24. Rd1 h6 25. Be3 Nf8 26. Na5 Rb5 
27. Nc4 Rb8 28. Ned6 Nd6 29. Nd6 
1-0

[Event "34th Chess Olympiad (men)"]
[Site "Istanbul"]
[Date "2000.10.28"]
[Round "1.10.3"]
[White "Dukaczewski, Piotr"]
[Black "Gelashvili, Tamaz"]
[WhiteElo "2292"]
[BlackElo "2519"]
[WhiteCountry "IBSA"]
[BlackCountry "GEO"]
[Result "0-1"]

1. e4 d5 2. ed5 Qd5 3. Nc3 Qa5 4. d4 c6 5. Nf3 Nf6 6. Bc4 Bg4 7. O-O e6 
8. h3 Bh5 9. Qe2 Be7 10. Bf4 Nbd7 11. Rfe1 O-O 12. Qe3 Bb4 13. Nd2 Nb6 
14. Bb3 Nbd5 15. Nd5 Nd5 16. Bd5 cd5 17. Nb3 a5 18. c3 Qb6 19. Qe5 Bg6 
20. Qe2 a4 21. Nc1 Ra5 22. Qd2 Rc8 23. Re2 a3 24. b4 Raa8 25. Re3 Qc6 
26. Ne2 Qa4 27. Qd1 Qd1+ 28. Rd1 Rc6 29. f3 Rac8 30. Kf1 Bc2 31. Rc1 Ba4 
32. Rb1 Bb5 33. Rb3 Ra6 34. Ke1 Bc4 35. Nc1 Bb3 36. Nb3 Rac6 37. Nc5 b6 
38. b5 Rc5 39. dc5 Rc5 40. Rd3 Rb5 41. Rd2 f6 42. Rc2 Rc5 43. Be3 Rc6 
44. Ke2 b5 45. Kd3 Rc4 46. Rc1 e5 47. Rb1 e4+ 48. fe4 de4+ 49. Kc2 b4 
50. Bd4 bc3 51. Bc3 Bd6 52. Kb3 Rc7 53. Rd1 Bc5 54. g4 Kf7 55. Re1 e3 
56. Re2 g6 57. Kc4 Ke6 58. Bd4 Ba7+ 59. Kd3 Rd7 60. Re3+ Kf7 61. Re4 f5 
62. gf5 gf5 63. Rf4 Ke6 64. Kc4 Rd4+ 65. Rd4 Bd4 66. Kd4 Kd6 67. Kd3 Ke5 
68. Ke3 f4+ 69. Kf3 Kf5 70. Kf2 Ke4 71. Ke2 f3+ 72. Kf2 Kf4 73. h4 h5 
0-1

[Event "34th Chess Olympiad (men)"]
[Site "Istanbul"]
[Date "2000.10.28"]
[Round "1.11.4"]
[White "Ferreira, Oscar"]
[Black "Bischoff, Klaus"]
[WhiteElo "2266"]
[BlackElo "2556"]
[WhiteCountry "PAR"]
[BlackCountry "GER"]
[Result "0-1"]

1. e4 c5 2. Nf3 e6 3. d4 cd4 4. Nd4 a6 5. Nc3 Qc7 6. g3 Bb4 7. Nde2 Nf6 
8. Bg2 Be7 9. O-O O-O 10. h3 Nc6 11. Be3 d6 12. g4 b5 13. g5 Nd5 14. Ng3 Bb7 
15. f4 Na5 16. Qe2 Rfe8 17. f5 Bf8 18. Qf2 Nc4 19. fe6 fe6 20. Qf7+ Kh8 
21. Bd4 Ne5 22. Qh5 Kg8 23. Rf2 g6 24. Qe2 Bg7 25. Kh1 b4 26. Nd1 Ng4 
27. Qg4 Bd4 28. Rd2 Bg7 29. Ne3 Qc5 30. Qe2 Bb2 31. Rad1 Be5 32. Ngf1 Bf4 
33. Rd4 a5 34. Qg4 Be5 35. R4d2 Ba6 36. Nd5 ed5 37. Qd7 de4 38. h4 Bc4 
39. Bh3 Rad8 40. Qb7 Rf8 41. Kg2 Rf2+ 
0-1

[Event "34th Chess Olympiad (men)"]
[Site "Istanbul"]
[Date "2000.10.28"]
[Round "1.12.3"]
[White "Olsen, Heini"]
[Black "Oral, Tomas"]
[WhiteElo "2313"]
[BlackElo "2531"]
[WhiteCountry "FAI"]
[BlackCountry "CZE"]
[Result "0-1"]

1. d4 Nf6 2. c4 g6 3. Nc3 d5 4. cxd5 Nxd5 5. e4 Nxc3 6. bxc3 Bg7 7. Bc4 O-O 
8. Ne2 b6 9. O-O Bb7 10. f3 Nc6 11. Be3 Na5 12. Bd3 Rc8 13. Qd2 c5 
14. Rac1 cxd4 15. cxd4 Qd7 16. Rxc8 Rxc8 17. Rc1 Rxc1+ 18. Qxc1 e6 19. Qc2 h5 
20. e5 Nc6 21. Be4 Nb4 22. Qc4 Bf8 23. Bxb7 Qxb7 24. Nc3 Qc6 25. Qxc6 Nxc6 
26. Kf2 Bb4 27. Nb5 Kf8 28. Ke2 Ke8 29. Kd3 Kd7 30. a3 a6 31. axb4 Nxb4+ 
32. Kc4 Nd5 33. Bd2 axb5+ 34. Kxb5 Kc7 35. Bg5 Kd7 36. Bd2 Kc7 37. Bg5 Kb7 
38. Bd8 Ne3 39. Bxb6 Nxg2 40. Bd8 Ne1 41. Kc5 Nxf3 42. d5 Kc8 43. Bf6 Kd7 
44. h4 g5 45. Kd4 
0-1

[Event "34th Chess Olympiad (men)"]
[Site "Istanbul"]
[Date "2000.10.28"]
[Round "1.12.4"]
[White "Polak, Tomas"]
[Black "Naes, Flovin Tor"]
[WhiteElo "2499"]
[BlackElo "2271"]
[WhiteCountry "CZE"]
[BlackCountry "FAI"]
[Result "1-0"]

1. d4 d5 2. c4 dxc4 3. e3 Nf6 4. Bxc4 e6 5. Nf3 c5 6. O-O a6 7. a4 Nc6 
8. Qe2 Be7 9. Rd1 Qc7 10. Nc3 O-O 11. h3 Rd8 12. d5 exd5 13. Bxd5 Nb4 
14. e4 Nfxd5 15. exd5 Bf5 16. Qc4 Bc2 17. Bf4 Qd7 18. Rd2 Qf5 19. Bc7 Bd3 
20. Qg4 Rd7 21. Qxf5 Bxf5 22. d6 Bf6 23. g4 Bg6 24. a5 Re8 25. Na4 Be4 
26. Nxc5 Rxc7 27. Nxe4 Rc4 28. Nxf6+ gxf6 29. Ra3 Rd8 30. Rb3 Nc6 31. Rxb7 Nxa5 
32. Rc7 Rxd6 33. Rxd6 Rxc7 34. Nd4 Kg7 35. Rd8 h6 36. Nf5+ Kh7 37. Rd6 Rc6 
38. Rd7 Rc1+ 39. Kg2 Kg6 40. Ne7+ Kg7 41. h4 Nc4 42. Nf5+ Kg6 43. h5+ Kg5 
44. Rc7 Kxg4 45. Rxc4+ 
1-0

[Event "34th Chess Olympiad (men)"]
[Site "Istanbul"]
[Date "2000.10.28"]
[Round "1.13.2"]
[White "Gillani, Tunveer M D"]
[Black "Minasian, Artashes"]
[WhiteElo "2255"]
[BlackElo "2595"]
[WhiteCountry "PAK"]
[BlackCountry "ARM"]
[Result "0-1"]

1. e4 e6 2. c4 d5 3. ed5 ed5 4. cd5 Nf6 5. Bb5+ Nbd7 6. Nc3 Be7 7. Nf3 O-O 
8. O-O Nb6 9. d4 Nbd5 10. Qb3 c6 11. Bc4 Nb6 12. Be2 h6 13. Bd2 Be6 14. Qc2 Qc7 
15. Rad1 Rad8 16. Rfe1 Rfe8 17. h3 Nbd5 18. Bf1 Bf8 19. Qb1 Qc8 20. a3 Bf5 
21. Qc1 Nc3 22. Bc3 Nd5 23. Re8 Re8 24. Re1 Bd6 25. Re8+ Qe8 26. Qe1 Qd8 
27. Ba5 Qc8 28. Bd2 Bc7 29. Ba5 Bd6 30. Bd2 Bc2 31. Bc4 Kh7 32. Qc1 Be4 
33. Ne1 Qe8 34. Qd1 Nb6 35. Bb3 Bg6 36. Bc2 Qe6 37. Qf3 Nc4 38. Bg6+ fg6 
39. Qb3 Qe2 40. Bc3 Nd2 
0-1

[Event "34th Chess Olympiad (men)"]
[Site "Istanbul"]
[Date "2000.10.28"]
[Round "1.14.2"]
[White "Sokolov, Ivan"]
[Black "Hussein, N.A."]
[WhiteElo "2611"]
[BlackElo "2368"]
[WhiteCountry "BIH"]
[BlackCountry "IRQ"]
[Result "1-0"]

1. d4 Nf6 2. c4 c5 3. d5 b5 4. Nf3 e6 5. dxe6 fxe6 6. cxb5 d5 7. g3 Be7 
8. Bg2 Nbd7 9. O-O Rb8 10. a4 e5 11. e4 d4 12. Na3 Bd6 13. Nc4 Bc7 14. Qe1 O-O 
15. b4 Re8 16. Ba3 a6 17. bxc5 axb5 18. axb5 Rxb5 19. Rb1 Rxb1 20. Qxb1 Ba6 
21. Qa2 h6 22. c6 Nf8 23. Nd6+ Kh7 24. Nxe8 Qxe8 25. Rc1 Ne6 26. Bd6 Bxd6 
27. Qxa6 Nc7 28. Qc4 g5 29. Rb1 Kg6 30. Bh3 Qa8 31. Bf5+ Kg7 32. h4 g4 
33. Nxd4 exd4 34. Qxd4 Be7 35. e5 Nfe8 36. Qxg4+ Kf8 37. Qg6 Qa4 38. e6 Nd6 
39. Rb8+ 
1-0

[Event "34th Chess Olympiad (men)"]
[Site "Istanbul"]
[Date "2000.10.28"]
[Round "1.14.3"]
[White "Aziz, Ahmad"]
[Black "Kurajica, Bojan"]
[WhiteElo "2323"]
[BlackElo "2534"]
[WhiteCountry "IRQ"]
[BlackCountry "BIH"]
[Result "0-1"]

1. e4 c5 2. Nf3 Nc6 3. c3 d5 4. exd5 Qxd5 5. d4 g6 6. dxc5 Qxc5 7. Be3 Qa5 
8. Bc4 Nh6 9. Qb3 e6 10. O-O Bg7 11. Qa3 Qc7 12. Nfd2 Bf8 13. Bc5 Bxc5 
14. Qxc5 Qe7 15. Qxe7+ Kxe7 16. Rd1 Bd7 17. Nb3 Rac8 18. Be2 Rc7 19. Rd2 f6 
20. Rd1 Nf7 21. Kf1 Rd8 22. Nd4 Nb8 23. Nb5 Bxb5 24. Bxb5 Rd2 25. Rxd2 Nd6 
26. Be2 Nd7 
0-1

[Event "34th Chess Olympiad (men)"]
[Site "Istanbul"]
[Date "2000.10.28"]
[Round "1.15.2"]
[White "Mok, Tze-Meng"]
[Black "Socko, Bartosz"]
[WhiteElo "2308"]
[BlackElo "2528"]
[WhiteCountry "MAS"]
[BlackCountry "POL"]
[Result "0-1"]

1. e4 e6 2. Nf3 d5 3. Nc3 Nf6 4. d3 Bb4 5. e5 Nfd7 6. a3 Be7 7. d4 b6 8. b4 c5 
9. Na2 cxd4 10. Bb2 Qc7 11. Qxd4 Bb7 12. Qc3 Qxc3+ 13. Nxc3 O-O 14. O-O-O Nc6 
15. Re1 a6 16. Bd3 b5 17. Ne2 a5 18. c3 Ndxe5 19. Nxe5 Nxe5 20. Bxb5 Rfc8 
21. Kb1 Bf6 22. Bc1 axb4 23. axb4 Ba6 24. Bxa6 Rxa6 25. Rd1 Rca8 26. Rhe1 Ra1+ 
27. Kc2 R1a2+ 28. Kb3 Nc4 29. g3 Kf8 30. f4 g6 31. Rd3 h5 32. h3 Ke7 
33. g4 hxg4 34. hxg4 Bh4 35. Ng3 Rg2 36. Rxd5 Bxg3 37. Re4 Nd6 
0-1

[Event "34th Chess Olympiad (men)"]
[Site "Istanbul"]
[Date "2000.10.28"]
[Round "1.16.1"]
[White "Bamualem, Abdullah"]
[Black "Vallejo, Pons Francisco"]
[WhiteElo "2000"]
[BlackElo "2554"]
[WhiteCountry "YEM"]
[BlackCountry "ESP"]
[Result "0-1"]

1. c4 e5 2. Nc3 Nf6 3. e4 Bc5 4. h3 d6 5. Nf3 Nc6 6. d3 Nd7 7. Be2 Nf8 8. a3 a5 
9. Bg5 f6 10. Bd2 Ne6 11. Nb5 Bd7 12. O-O a4 13. Qc2 O-O 14. Rac1 Kh8 
15. Qb1 f5 16. exf5 Rxf5 17. d4 Nexd4 18. Nbxd4 Nxd4 19. Nxd4 Bxd4 20. Bg4 Rf7 
21. Bxd7 Qxd7 22. Be3 Bxe3 23. fxe3 Raf8 24. Rxf7 Qxf7 25. Qc2 h6 26. Qe2 b6 
27. Rd1 Qf5 28. Rd3 Qe4 29. Rd1 Kg8 30. Kh1 Rf6 31. Kg1 Kf7 32. Kh1 Ke7 
33. Kh2 Kd7 34. Kg1 Kc8 35. Kh2 Kb7 36. Kg1 g5 37. Re1 Rf8 38. Kh1 Rg8 
39. Qf3 Qxf3 40. gxf3 e4 41. Kg2 exf3+ 42. Kxf3 h5 43. Rg1 Kc6 44. Ke4 g4 
45. h4 Kc5 46. Kd3 Rf8 47. Ke4 Rf2 48. Rb1 g3 49. b4+ b3 50. Rxb3 g2 
51. Rb5+ Kxc4 52. Rg5 c5 53. a4 d5+ 54. Ke5 d4 
0-1

[Event "34th Chess Olympiad (men)"]
[Site "Istanbul"]
[Date "2000.10.28"]
[Round "1.16.2"]
[White "Comas, Fabrego Luis"]
[Black "Faraj, Yahya"]
[WhiteElo "2516"]
[BlackElo "2265"]
[WhiteCountry "ESP"]
[BlackCountry "YEM"]
[Result "1-0"]

1. d4 Nf6 2. c4 c5 3. d5 b5 4. Nf3 bxc4 5. Nc3 g6 6. e4 d6 7. Bxc4 Bg7 
8. O-O O-O 9. Bf4 Nbd7 10. h3 Rb8 11. Rb1 Nb6 12. Be2 Nfd7 
1-0

[Event "34th Chess Olympiad (men)"]
[Site "Istanbul"]
[Date "2000.10.28"]
[Round "1.17.3"]
[White "Cvitan, Ognjen"]
[Black "Varley, Peter"]
[WhiteElo "2541"]
[BlackElo "2257"]
[WhiteCountry "CRO"]
[BlackCountry "WLS"]
[Result "1-0"]

1. d4 Nf6 2. c4 g6 3. g3 c6 4. Bg2 d5 5. cd5 cd5 6. Nc3 Bg7 7. Nf3 O-O 
8. Ne5 e6 9. O-O Nfd7 10. f4 Qb6 11. e3 Nc6 12. b3 Nde5 13. fe5 f5 14. ef6 Rf6 
15. Rf6 Bf6 16. Bd2 Bd7 17. Na4 Qc7 18. Rc1 b6 19. Nc3 Qd6 20. Kh1 Rf8 
21. e4 Nd4 22. ed5 ed5 23. Nd5 Bc6 24. Bb4 Qd5 25. Rc6 Qe5 26. Bd6 Nc6 
27. Be5 Ne5 28. b4 Rd8 29. Qa4 Rd7 30. Bc6 Re7 31. Bf3 Kg7 32. Be2 Nf7 
33. Qc2 Ng5 34. Kg2 Ne6 35. Qc8 Nc7 36. Bc4 Ne8 37. Qc6 Be5 38. g4 g5 
39. h4 gh4 40. g5 Nd6 41. Bb3 Nf7 42. Bf7 Kf7 43. Qh6 Kg8 44. Qh4 Rf7 
45. Qe4 Ba1 46. Kh3 Kg7 47. Kg4 Bb2 48. Kh5 Ba1 49. Qe6 Bb2 50. a4 Ba1 
51. Qh6+ Kg8 52. Qc6 Kg7 53. Qc2 Be5 54. a5 ba5 55. Qc5 Ba1 56. Qa5 Bb2 
57. Qa6 Be5 58. Qh6+ Kg8 59. Qe6 
1-0

[Event "34th Chess Olympiad (men)"]
[Site "Istanbul"]
[Date "2000.10.28"]
[Round "1.19.2"]
[White "Turgut, Tansel"]
[Black "Yuldashev, Saydali"]
[WhiteElo "2285"]
[BlackElo "2515"]
[WhiteCountry "TURB"]
[BlackCountry "UZB"]
[Result "0-1"]

1. e4 e5 2. Nf3 Nc6 3. Bc4 Nf6 4. d4 exd4 5. e5 d5 6. Bb5 Ne4 7. Nxd4 Bd7 
8. Bxc6 bxc6 9. O-O Bc5 10. Be3 Bb6 11. f3 Ng5 12. f4 Ne4 13. Nd2 Nxd2 
14. Qxd2 c5 15. Ne2 d4 16. Bf2 O-O 17. c4 f6 18. Bh4 Qe8 19. exf6 Qh5 
20. Bg3 gxf6 21. Rae1 Rae8 22. Nc1 Bf5 23. Rxe8 Qxe8 24. b3 c6 25. h3 Qg6 
26. Kh2 Bc7 27. Re1 Be4 28. b4 cxb4 29. Qxd4 Bxf4 30. Ne2 Be5 31. Qf2 a5 
32. Nf4 Bxf4 33. Qxf4 f5 34. Rd1 a4 35. Rd2 b3 36. c5 Qg7 37. axb3 axb3 
38. Qd6 Re8 39. Bh4 Qe5+ 40. Bg3 Qg7 41. Bf4 b2 42. Bh6 Qc3 43. Rd4 b1=Q 
44. Qd7 
0-1

[Event "34th Chess Olympiad (men)"]
[Site "Istanbul"]
[Date "2000.10.28"]
[Round "1.20.2"]
[White "Lima, Darcy"]
[Black "Antoniou, Antonis"]
[WhiteElo "2525"]
[BlackElo "2246"]
[WhiteCountry "BRA"]
[BlackCountry "CYP"]
[Result "1-0"]

1. d4 Nf6 2. c4 g6 3. Nc3 Bg7 4. e4 d6 5. Be2 O-O 6. Be3 e5 7. d5 Nbd7 
8. g4 Nc5 9. Bf3 c6 10. b4 Na6 11. a3 Nc7 12. g5 Nfe8 13. h4 f5 14. gf6 Nf6 
15. h5 a5 16. hg6 hg6 17. b5 cd5 18. cd5 Bd7 19. a4 Qe7 20. Nh3 Rac8 
21. Rc1 Na8 22. Be2 Rc3 23. Rc3 Ne4 24. Rc4 Nc5 25. Rc5 dc5 26. d6 Qf6 
27. Ng5 Bh8 28. Bc4+ 
1-0

[Event "34th Chess Olympiad (men)"]
[Site "Istanbul"]
[Date "2000.10.28"]
[Round "1.20.4"]
[White "Braga, Cicero"]
[Black "Riza, Conrad"]
[WhiteElo "2426"]
[BlackElo "2000"]
[WhiteCountry "BRA"]
[BlackCountry "CYP"]
[Result "1-0"]

1. g3 e5 2. c4 Nf6 3. Bg2 Be7 4. Nc3 O-O 5. Nf3 d6 6. d4 Nbd7 7. O-O Re8 
8. e4 Bf8 9. h3 ed4 10. Nd4 g6 11. Re1 Nc5 12. Qc2 Bg7 13. Be3 c6 14. Rad1 Qc7 
15. b4 Ne6 16. Nb3 Bd7 17. a4 Rad8 18. a5 Qb8 19. f4 Nh5 20. f5 Nc7 21. g4 Nf6 
22. Bf4 Bf8 23. Bd6 Bd6 24. Rd6 Ncd5 25. c5 Nb4 26. Qd2 
1-0

[Event "34th Chess Olympiad (men)"]
[Site "Istanbul"]
[Date "2000.10.28"]
[Round "1.21.1"]
[White "Pavasovic, Dusko"]
[Black "Cueto, Johnny"]
[WhiteElo "2523"]
[BlackElo "2389"]
[WhiteCountry "SLO"]
[BlackCountry "BOL"]
[Result "1-0"]

1. e4 c5 2. c3 e6 3. d4 d5 4. exd5 Qxd5 5. Nf3 Nf6 6. Be3 cxd4 7. cxd4 Bb4+ 
8. Nc3 O-O 9. Bd3 a6 10. O-O Bxc3 11. bxc3 b5 12. a4 Bb7 13. Qb1 bxa4 
14. c4 Qc6 15. d5 exd5 16. Ne5 Qc7 17. Bf4 Re8 18. Rc1 d4 19. Bf5 a5 
20. Bg3 Na6 21. c5 Nxc5 22. Nd3 Qc6 23. f3 Re2 24. Ra2 Rxa2 25. Qxa2 Nxd3 
26. Rxc6 Nb4 27. Qc4 Bxc6 28. Be5 d3 29. Bxd3 Nxd3 30. Qxd3 Nd7 31. Bxg7 Rb8 
32. Bd4 Rb3 33. Qc4 Nb8 34. Be5 Bd7 35. Qc7 f6 36. Qd8+ 
1-0

[Event "34th Chess Olympiad (men)"]
[Site "Istanbul"]
[Date "2000.10.28"]
[Round "1.21.4"]
[White "Monroy, Javier"]
[Black "Grosar, Aljosa"]
[WhiteElo "2000"]
[BlackElo "2447"]
[WhiteCountry "BOL"]
[BlackCountry "SLO"]
[Result "1-0"]

1. e4 c5 2. Nf3 d6 3. d4 cxd4 4. Nxd4 Nf6 5. Nc3 Nc6 6. Be2 e5 7. Nf3 h6 
8. h3 Be7 9. Be3 Be6 10. a3 a6 11. Qd2 Rc8 12. Rd1 b5 13. O-O O-O 14. Bd3 Re8 
15. a4 b4 16. Nd5 Nxd5 17. exd5 Bxd5 18. Bxa6 Be4 19. Bxc8 Qxc8 20. Ne1 Qb7 
21. f3 Bf5 22. Qd5 Rb8 23. Rf2 Be6 24. Qd2 d5 25. c3 Qa6 26. Ra1 Na5 
27. Qe2 Qa8 28. Nd3 Nb3 29. Rd1 d4 30. cxd4 exd4 31. Bf4 Rd8 32. Ne5 Qxa4 
33. Rff1 Bf6 34. Ng4 Bh4 35. Qe5 Rd5 36. Qb8+ Kh7 37. Qc7 d3 38. Ne5 Bd8 
39. Qb8 Nd4 40. Nxd3 Qb3 41. Rd2 Be7 42. Kh1 g5 43. Be5 Rd8 44. Qb7 Rd7 
45. Qa8 Rd8 46. Qa7 Rd7 47. Qb6 Nf5 48. Rfd1 Qc4 49. Bh2 Nh4 50. Qe3 Nf5 
51. Qe1 Qb5 52. Ne5 Rxd2 53. Qxd2 Bf6 54. Qd3 Qxd3 55. Rxd3 h5 56. Nc6 Bxb2 
57. Nxb4 h4 58. f4 Kg6 59. fxg5 Kxg5 60. Nd5 Bc1 61. Rd1 Bb2 62. Bf4+ Kg6 
63. Kh2 Bxd5 64. Rxd5 Bd4 65. g4 g3+ 66. Bxg3 Bf6 67. Ra5 Bc3 68. Rb5 Bd2 
69. Kg2 f6 70. Rb8 Bc1 71. Kf3 Nd4+ 72. Ke4 Ne6 73. Rg8+ Kf7 74. Rc8 Bd2 
75. h4 Kg6 76. Rc6 Ng7 77. Be5 Ne8 78. Bc3 Bh6 79. Kf3 Bf8 80. Kg4 Kf7 81. Qb6 
1-0